000 01057nam a2200265Ia 4500
003 OSt
005 20220923212642.0
006 a|||||r|||| 00| 0
007 ta
008 220922b |||||||| |||| 00| 0 hin d
024 _a154,911
037 _cTextual
040 _aARTS
_cARTS
_bhin
041 _2hin
_ahin
082 _aO15:gxE51,1:g, 152K8
100 _aमहिमभट्ट
_9156277
245 0 _aव्यक्ति विवेक, व्या, रूय्यक तथा रेवाप्रसाद द्विवेदी
246 _aVyakti viveka, vyā, rūyyak tathā revāprasād dvivedī
260 _aवाराणसी
_b चौखम्बा संस्कृत सीरीज आफिस
_c1964
300 _a523पृ.
_ccm.
490 _aकाशाी संस्कृत ग्रन्थमाला; 121
650 _aहिन्दी साहित्य
_9156264
942 _hO15:gxE51,1:g, 152K8
_cTEXL
_2CC
999 _c310513
_d310513